Score 0/16 Timer 03:00
2 Plays Today
% Correct
Gump
98.2%
There
97%
You
96.7%
Black
95.8%
Old
95.1%
Days
92.2%
Steel
88%
Rises
84.5%
% Correct
Gangs
84%
Mohicans
83.7%
Amazing
73.8%
Father
58.4%
Batman
55.2%
Places
25%
Valley
24.4%
Premium
14.4%

Today's Daily Dose

Remove Ads.
Support Sporcle.
Get the best of Sporcle when you Go Orange. This ad-free experience offers more features, more stats, and more fun while also helping to support Sporcle. Thank you for becoming a member.

You're not logged in!

Compare scores with friends on all Sporcle quizzes.
OR
Log In

Sporcle TV

Today on Sporcle TV


Watch our educational content, quiz creation guides, and fun videos on Sporcle TV.

Show Comments

Extras

Top Quizzes Today


Score Distribution

Paid Content

Your Account Isn't Verified!

In order to create a playlist on Sporcle, you need to verify the email address you used during registration. Go to your Sporcle Settings to finish the process.

Report this User

Report this user for behavior that violates our Community Guidelines.

Details: